| 000 | 00956nam a2200229 a 4500 | ||
|---|---|---|---|
| 001 | 62670 | ||
| 003 | BD-RjUL | ||
| 005 | 20211209081118.0 | ||
| 008 | 170125s1964 bg a|||| |||| 00| 0 ben d | ||
| 020 | _c: Tk. 15.00 | ||
| 035 | _a(BD-RjUL)62797 | ||
| 040 |
_aBD-RjUL _bben _cBD-RjUL |
||
| 041 | _aben | ||
| 082 |
_223 _a726.1095414 _bBAB 1964 |
||
| 100 |
_aবন্দ্যোপাধ্যায়, অমিয়কুমার _9186325 |
||
| 245 | 1 | 0 |
_aবাঁকুড়ার মন্দির / _cঅমিয়কুমার বন্দ্যোপাধ্যায় |
| 260 |
_aকলিকাতা : _bসাহিত্য সংসদ, _c১৯৬৪ [১৩৭১] |
||
| 300 |
_a[১৬], ২০৫ পৃ. : _bচিত্র ; _c২৩ সেমি. |
||
| 650 |
_aমন্দির _zভারত _zবাঁকুড়া (জেলা) _9183247 |
||
| 650 |
_aTemples _zIndia _zBankura (District) _9186326 |
||
| 942 |
_2ddc _cBK |
||
| 999 |
_c62670 _d62670 |
||